00897nam a2200241Ia 4500001002200000003000900022008004100031040002300072041001300095100001800108245002700126250001500153260003600168300001900204490001700223501012400240520002900364700001500393942000700408957000600415999004200421952019200463853-RAV ni op (12286)IT-MiSPE171229s9999||||xx |||||||||||||| ||und|| aIT-MiSPEcIT-MiSPE aITALIANO aNino Ravenna  0aLe operette e i giorni a1a ed. (v) aCinisello B.mobSan Paoloc1996 a148 p. c21 cm aIl pozzov12 aEdizioni San Paolo srl - Piazza Soncino, 5 - 20092 CINISELLO BALSAMO (MI) (non commercial uses only) ® Copyright 2018 aMarco Beck (intr.). Tav. aMarco Beck cBK 71 a18275bNOg Copie: 1 c354477d354477 0010406853RAV_NI_OP_1228671aCINISELLObCINISELLOd2017-12-30l0o853-RAV ni op (12286)r2017-12-30 00:00:00w2017-12-30yBKz(data import: 20 dicembre 2017) - By Epidotti, Vaglietti.